Statistics for LOTR: Trinkets of Middle-Earth: the Silmarils

Click here to take the quiz!

General Stats

  • This quiz has been taken 46 times
  • The average score is 8 of 11

Answer Stats

Answer% Correct
2MelkorKilled #1's father, stole the Jewels and set them in his crown.
100%
1FëanorCreator
96%
5LúthienWife of #3 and daughter of #4. Inherited the Nauglamír in which a Silmaril was set.
93%
3BerenCut a Silmaril from the Iron Crown.
89%
10MaedhrosEldest son of #1. Stole a Silmaril from #9 but because of his crimes in order to reclaim the jewels, he was now unworthy of them, and the Silmaril burned his hands. In agony he cast himself and the Silmaril into a fiery chasm in the Earth.
75%
4Elu ThingolWas given the Silmaril from #3 as a bride-price to wed his daughter. Ordered the Silmaril to be set in the Nauglamír.
71%
8ËarendilHusband of #7.He sailed at the helm of his ship Vingilótë with the Silmaril of his wife bound upon his brow.
68%
11MaglorSecond son of #1. Stole a Silmaril from #9 but because of his crimes in order to reclaim the jewels, he was now unworthy of them like his brother #10, and the Silmaril burned his hands. In agony he threw it into the Sea.
68%
6DiorSon of #3 and #5. Inherited the Nauglamír in which a Silmaril was set.
61%
7ElwingDaughter of #6. Escaped the Second Kinslaying with the Silmaril and fled to the Havens of Sirion.
54%
9ËonweHerald of Manwë. The remaining two Silmarils were taken from #2 at the end of the War of Wrath and given to him for safekeeping.
46%

Score Distribution

Percentile by Number Answered

Percent of People with Each Score

Your Score History

You have not taken this quiz